[Event "Piguee op 15th"]
[Site "Piguee"]
[Date "2020.09.01"]
[Round "7.4"]
[White "Maguna, Marcos"]
[Black "Aqueveque, Matias"]
[Result "0-1"]
[WhiteElo "1557"]
[BlackElo "1513"]
[PlyCount "32"]
[EventDate "2020.07.21"]
[EventType "tourn"]
[EventRounds "7"]
[EventCountry "ARG"]
[SourceTitle "EXT 2024"]
[Source "ChessBase"]
[SourceDate "2023.10.10"]
[SourceVersion "1"]
[SourceVersionDate "2023.10.10"]
[SourceQuality "1"]

1. d4 f5 2. Nf3 Nf6 3. c4 e6 4. a3 b6 5. e3 Bb7 6. Be2 d5 7. 0-0 Bd6 8. b4 dxc4 9. Bxc4 Qe7 10. Nc3 a6 11. Bb2 Nbd7 12. Rb1 h6 13. Nh4 Rh7 14. Qb3 Ne4 15. Nxe4 Bxe4 16. Rbc1 Qxh4 0-1

[Event "Piguee op 15th"]
[Site "Piguee"]
[Date "2020.08.11"]
[Round "4.4"]
[White "Dellapittima, Cesar"]
[Black "Aqueveque, Matias"]
[Result "1-0"]
[WhiteElo "1760"]
[BlackElo "1513"]
[PlyCount "129"]
[EventDate "2020.07.21"]
[EventType "tourn"]
[EventRounds "7"]
[EventCountry "ARG"]
[SourceTitle "EXT 2024"]
[Source "ChessBase"]
[SourceDate "2023.10.10"]
[SourceVersion "1"]
[SourceVersionDate "2023.10.10"]
[SourceQuality "1"]

1. e4 d6 2. d4 g6 3. Be3 Bg7 4. Qd2 Bd7 5. Nc3 f5 6. Bc4 fxe4 7. Nxe4 Bf5 8. Ng5 d5 9. Bb5+ c6 10. Bd3 e6 11. Bxf5 exf5 12. Ne6 Qe7 13. Nxg7+ Qxg7 14. 0-0-0 Nd7 15. Bg5 Ngf6 16. Re1+ Kf7 17. f3 Rhe8 18. Nh3 Nb6 19. b3 Nfd7 20. Bh6 Qh8 21. Ng5+ Kf6 22. Rxe8 Rxe8 23. Re1 c5 24. Nxh7+ Kf7 25. Ng5+ Kf6 26. Rxe8 Qxe8 27. dxc5 Nc8 28. Qd4+ Qe5 29. Qxe5+ Kxe5 30. Nf7+ Kd4 31. b4 a5 32. a3 axb4 33. axb4 Kc4 34. Bd2 Nb8 35. Ne5+ Kb5 36. Nxg6 b6 37. cxb6 Nxb6 38. Ne7 N8d7 39. Nxf5 Ne5 40. Nd4+ Kc4 41. Nf5 d4 42. Nd6+ Kd5 43. Ne4 Nbd7 44. Nf2 Nf6 45. Nd3 Ned7 46. Kb2 Kc4 47. Bf4 Nd5 48. Ne5+ Nxe5 49. Bxe5 Nxb4 50. f4 d3 51. cxd3+ Nxd3+ 52. Kc2 Ne1+ 53. Kd1 Nxg2 54. Ke2 Kd5 55. Kf3 Nh4+ 56. Kg4 Ng6 57. Bb8 Ke4 58. f5 Nf8 59. Kg5 Kd5 60. h4 Nh7+ 61. Kg6 Nf8+ 62. Kf7 Nd7 63. Bh2 Nc5 64. h5 Ne4 65. h6 1-0

[Event "OP-2019-0-04785"]
[Site "LSS email"]
[Date "2019.05.29"]
[Round "?"]
[White "Gonzalez Castells, Jose Maria"]
[Black "Aqueveque, Matias"]
[Result "1-0"]
[WhiteElo "1308"]
[BlackElo "800"]
[PlyCount "39"]
[EventDate "2019.05.19"]
[EventType "tourn (corr)"]
[EventRounds "4"]
[EventCountry "GER"]
[SourceTitle "Corr 2022"]
[Source "ChessBase"]
[SourceDate "2021.10.24"]
[SourceVersion "1"]
[SourceVersionDate "2021.10.24"]
[SourceQuality "1"]

1. e4 Nc6 2. d4 e5 3. dxe5 Nxe5 4. f4 Nc6 5. Bc4 Bc5 6. Bxf7+ Kxf7 7. Qd5+ Ke8 8. Qxc5 b6 9. Qa3 Bb7 10. Nf3 Qe7 11. 0-0 Nf6 12. e5 Nd5 13. c4 Ndb4 14. Qc3 Rf8 15. a3 Na6 16. b4 Nab8 17. b5 Na5 18. Be3 Rf7 19. Ng5 Rf5 20. Qd3 1-0

[Event "RN-2019-0-01519"]
[Site "LSS email"]
[Date "2019.03.22"]
[Round "?"]
[White "Aqueveque, Matias"]
[Black "Evtyugin, Yury Alekseevich"]
[Result "1-0"]
[WhiteElo "800"]
[BlackElo "978"]
[PlyCount "43"]
[EventDate "2019.03.05"]
[EventType "tourn (corr)"]
[EventRounds "6"]
[EventCountry "GER"]
[SourceTitle "Corr 2022"]
[Source "ChessBase"]
[SourceDate "2021.10.24"]
[SourceVersion "1"]
[SourceVersionDate "2021.10.24"]
[SourceQuality "1"]

1. d4 d5 2. Nc3 Nf6 3. g3 Bf5 4. Bg2 e6 5. Nf3 Bb4 6. 0-0 Bxc3 7. bxc3 0-0 8. Ba3 Re8 9. Ne5 Nbd7 10. e3 Nxe5 11. dxe5 Nd7 12. f4 c5 13. Re1 a5 14. c4 Be4 15. cxd5 exd5 16. Bxe4 dxe4 17. Qg4 b6 18. Red1 Ra7 19. Bb2 g6 20. Rd6 Qc7 21. Rad1 Nf8 22. f5 1-0

[Event "RN-2019-0-01519"]
[Site "LSS email"]
[Date "2019.03.22"]
[Round "?"]
[White "Venturas, Bob"]
[Black "Aqueveque, Matias"]
[Result "1-0"]
[WhiteElo "625"]
[BlackElo "800"]
[PlyCount "29"]
[EventDate "2019.03.05"]
[EventType "tourn (corr)"]
[EventRounds "6"]
[EventCountry "GER"]
[SourceTitle "Corr 2022"]
[Source "ChessBase"]
[SourceDate "2021.10.24"]
[SourceVersion "1"]
[SourceVersionDate "2021.10.24"]
[SourceQuality "1"]

1. e4 e5 2. Nf3 d6 3. h3 Nf6 4. Nc3 Be7 5. d4 a6 6. Bc4 Be6 7. d5 Bd7 8. Be3 0-0 9. 0-0 c6 10. Nh2 cxd5 11. Nxd5 Nxe4 12. f3 Nf6 13. Kh1 a5 14. Bb6 Qc8 15. Nxe7+ 1-0

[Event "OP-2019-0-04748"]
[Site "LSS email"]
[Date "2019.03.13"]
[Round "?"]
[White "Enev, Zlatko"]
[Black "Aqueveque, Matias"]
[Result "1-0"]
[WhiteElo "2214"]
[BlackElo "800"]
[PlyCount "49"]
[EventDate "2019.03.06"]
[EventType "tourn (corr)"]
[EventRounds "4"]
[EventCountry "GER"]
[SourceTitle "Corr 2022"]
[Source "ChessBase"]
[SourceDate "2021.10.24"]
[SourceVersion "1"]
[SourceVersionDate "2021.10.24"]
[SourceQuality "1"]

1. d4 d5 2. c4 Nf6 3. cxd5 Nxd5 4. Nf3 e6 5. e4 Nf6 6. Nc3 h6 7. Be2 b6 8. 0-0 Bb7 9. Bb5+ c6 10. Bd3 Be7 11. Qe2 0-0 12. e5 Nfd7 13. Qe4 g6 14. Bxh6 Kh7 15. Qf4 Qe8 16. Ng5+ Bxg5 17. Bxg5 Rh8 18. Ne4 Kg7 19. Nd6 Qg8 20. Bf6+ Nxf6 21. exf6+ Kf8 22. Nf5 Ke8 23. Qd6 Qf8 24. Ng7+ Qxg7 25. Qe7# 1-0